Welcome to CU Library Online Public Access Catalogue (OPAC)

Structuralism and Semiotics (Record no. 9549)

MARC details
000 -LEADER
fixed length control field 00424nam a22001577a 4500
005 - DATE AND TIME OF LATEST TRANSACTION
control field 20260422173656.0
008 - FIXED-LENGTH DATA ELEMENTS--GENERAL INFORMATION
fixed length control field 260422b |||||||| |||| 00| 0 eng d
020 ## - INTERNATIONAL STANDARD BOOK NUMBER
International Standard Book Number 9780415321532
050 ## - LIBRARY OF CONGRESS CALL NUMBER
Classification number P146
Item number .H3
100 ## - MAIN ENTRY--PERSONAL NAME
Personal name Hawkes, Terence
245 ## - TITLE STATEMENT
Title Structuralism and Semiotics
Statement of responsibility, etc. Terence Hawkes
250 ## - EDITION STATEMENT
Edition statement 2nd ed.
260 ## - PUBLICATION, DISTRIBUTION, ETC.
Place of publication, distribution, etc. London
-- New York
Name of publisher, distributor, etc. Routledge
Date of publication, distribution, etc. 2009
300 ## - PHYSICAL DESCRIPTION
Extent x. 176p.
Dimensions 20cm
942 ## - ADDED ENTRY ELEMENTS (KOHA)
Source of classification or shelving scheme Library of Congress Classification
Koha item type Books
Edition 2nd ed.
Suppress in OPAC No
999 ## -
-- 9549
-- 9549
Holdings
Withdrawn status Lost status Source of classification or shelving scheme Damaged status Not for loan Collection Home library Current library Shelving location Date acquired Total checkouts Full call number Barcode Date last seen Copy number Price effective from Koha item type
    Library of Congress Classification     Non-fiction Business Library (Miotso) Business Library (Miotso) General stacks 04/22/2026   P146 .H3 HAW BSSM00003625 04/22/2026 1 04/22/2026 Books
    Library of Congress Classification     Non-fiction Business Library (Miotso) Business Library (Miotso) General stacks 04/22/2026   P146 .H3 HAW BSSM00003626 04/22/2026 2 04/22/2026 Books
    Library of Congress Classification     Non-fiction Business Library (Miotso) Business Library (Miotso) General stacks 04/22/2026   P146 .H3 HAW BSSM00003627 04/22/2026 3 04/22/2026 Books
© 2023-2024 Copyright: Central University Libraries. All Rights Reserved | Created by: Mahone Tech Office